| 000 | 006560000a22002050004500 | ||
|---|---|---|---|
| 003 | LK-CoMWRAF | ||
| 005 | 20231127122638.0 | ||
| 008 | 230817t1976 ||||| |||| 00| 0 eng d | ||
| 040 |
_aLK-CoMWRAF _dLK-CoMWRAF _eLK-CoMWRAF |
||
| 041 | _aeng | ||
| 082 |
_a158.1 _bALL |
||
| 100 | _aAllen, James | ||
| 245 | _aBook of Meditations for every day in the year | ||
| 260 |
_aBombay: _bWilco Publishing house, _c1971 |
||
| 300 | _a366 p. | ||
| 650 | _aMEDITATIONS | ||
| 700 |
_aLily L.Allen _eed. |
||
| 856 | _uhttps://ia800301.us.archive.org/21/items/JamesAllensBookOfMeditationsAndThoughtsForTheDay/JamesAllensBookOfMeditationsAndThoughts.pdf | ||
| 942 | _cBK | ||
| 999 |
_c1418 _d1418 |
||